{"text_format":"2","workbook":"xlsx","n_sheets":8,"sheets":["PFS","PFS_I Equipe","PFS_II Desp Gerais","PFS_III SERV GRAFICOS","PFS_IV administração - SERV","PFS_V Desp. Fiscais Serv.","PFS_VI_ Det_  BDI MATERIAIS_","PFS_VII Cronog Financ"],"not_rendered":{"charts":0,"images":1,"macros":0,"external_links":3,"defined_names":2,"comments":0,"pivot_tables":0},"unopened":[],"bounds":{"document_bytes":16777216,"sheet_cells":100000,"run_cost":"one","rows_first":2000,"rows_last":500,"rows_between":2000,"halvings":0,"cell_chars":16384,"cell_head_chars":4096},"cells_cut":0,"cells_raw":0,"read":"whole","date_system":"1900"}

{"sheet":"PFS","index":0,"n_rows":31,"n_cols":15,"rows_kept":31,"cut":false,"hidden":false,"merged":[[4,0,5,12],[4,13,4,14],[5,13,5,14],[6,0,6,14],[8,0,8,5],[8,6,8,13],[9,0,9,5],[9,6,9,13],[10,0,10,14],[11,0,11,12],[11,13,11,14],[12,0,12,14],[13,0,13,12],[13,13,13,14],[17,0,17,12],[17,13,17,14],[18,0,18,12],[23,0,23,12],[23,13,23,14],[14,0,14,12],[14,13,14,14],[15,0,15,14],[16,0,16,12],[16,13,16,14],[19,0,19,12],[19,13,19,14],[20,0,20,12],[20,13,20,14],[21,0,21,12],[21,13,21,14],[22,0,22,12],[22,13,22,14],[24,0,24,12],[24,13,24,14],[25,0,25,12],[25,13,25,14],[26,0,26,8],[26,9,26,14],[27,0,27,8],[28,0,28,12],[28,13,28,14],[29,0,29,12],[29,13,29,14],[40,0,40,14],[32,0,32,14],[34,0,34,14],[38,0,38,14],[39,0,39,14]]}
[{"$nulls":7},"Ministério da Integração Nacional - MI"]
[{"$nulls":7},"Companhia de Desenvolvimento dos Vales do São Francisco e do Parnaíba"]
[]
[]
["PROPOSTA FINANCEIRA DE SERVIÇOS",{"$nulls":12},"CODIGO:"]
[{"$nulls":13},"PFS"]
["NOME DA CONSULTORA:"]
[]
["PERÍMETRO(S):",{"$nulls":5},"OBJETO:",{"$nulls":7},"EDITAL:"]
[]
["SERVIÇOS PAGOS A PREÇO GLOBAL"]
["CUSTOS SERVIÇOS",{"$nulls":12},{"$f":"SUM(N14+N15)","v":75643.199999999997}]
["MÃO-DE-OBRA"]
["A - TOTAL DE CONSULTORIA",{"$nulls":12},{"$f":" 'PFS_I Equipe'!D17","v":63036}]
["B - TOTAL DE ENCARGOS SOCIAIS",{"$nulls":12},{"$f":" 'PFS_I Equipe'!F17","v":12607.2}]
["OUTRAS DESPESAS"]
["C - DESPESAS GERAIS (PFS-II)",{"$nulls":12},{"$f":"'PFS_II Desp Gerais'!F17","v":264934.76}]
["D - SERVIÇOS GRÁFICOS (PFS-III)",{"$nulls":12},{"$f":"'PFS_III SERV GRAFICOS'!G17","v":1672}]
[]
["TOTAL DE OUTRAS DESPESAS",{"$nulls":12},{"$f":"N17+N18+O19","v":266606.76}]
["CUSTOS INDIRETOS",{"$nulls":12},{"$f":"N22+N23+N25","v":32708.119679999996}]
["E -  CUSTO DE ADMINISTRAÇÃO  SERVIÇOS- (10,00% DO ITEM A) (PFS-IV)",{"$nulls":12},{"$f":"N12*10%","v":7564.32}]
["F - DESPESAS FISCAIS SERVIÇOS - (16,62% DO ITEM A)",{"$nulls":12},{"$f":"N12*16.62%","v":12571.89984}]
["G - REMUNERAÇÃO DA EMPRESA - SERV (LUCRO) - (10,00% DOS ITENS A+E+F)",{"$nulls":12},{"$f":"0.1*(N14+N15+N22+N23)","v":9577.9419839999991}]
["H - BDI MATERIAIS (PFS-VI)",{"$nulls":12},{"$f":"N12*16.62%","v":12571.89984}]
["TOTAL DA PROPOSTA",{"$nulls":12},{"$f":"N12+N20+N21","v":374958.07968000002}]
["NOME DO INFORMANTE:",{"$nulls":8},"QUALIFICAÇÃO:"]
[]
["ASSINATURA:",{"$nulls":12},"DATA:"]
[]
["OBSERVAÇÃO:"]

{"sheet":"PFS_I Equipe","index":1,"n_rows":26,"n_cols":11,"rows_kept":26,"cut":false,"hidden":false,"merged":[[10,0,12,0],[4,0,5,5],[6,0,6,5],[8,2,8,5],[9,2,9,5]]}
[]
[]
[]
[]
["SALÁRIOS E ENCARGOS DA EQUIPE",{"$nulls":5},"CODIGO:"]
[{"$nulls":6},"PFS-I"]
["NOME DA CONSULTORA:"]
[]
["PERÍMETRO(S):",{"$nulls":5},"EDITAL:"]
[]
["CATEGORIA FUNCIONAL","TOTAL DE","TOTAL CUSTO","TOTAL CUSTO","TOTAL CUSTO","TOTAL CUSTO","TAXA DE"]
[null,"HORAS","SALÁRIO- HORA (R$)","SALÁRIO- HORA (R$)","E. SOCIAIS DE ","E. SOCIAIS DE ","E. SOCIAIS"]
[null,null,"A","A","B","B","%"]
["Consultoria",515,122.4,{"$f":"B14*C14","v":63036},{"$f":"C14*G14","v":24.480000000000004},{"$f":"D14*G14","v":12607.2},0.2]
[{"$nulls":10},{"$f":"240/8","v":30}]
["Materiais de consumo*"]
["TOTAIS",null,{"$f":"SUM(C14:C16)","v":122.4},{"$f":"SUM(D14:D16)","v":63036},{"$f":"SUM(E14:E16)","v":24.480000000000004},{"$f":"SUM(F14:F16)","v":12607.2}]
["NOME DO INFORMANTE:",null,null,null,"QUALIFICAÇÃO:"]
[]
["ASSINATURA:",{"$nulls":4},"DATA:"]
[]
["LEGENDA:"]
["B1 - SALÁRIOS DA EQUIPE EM DIAS ÚTEIS"]
["B2- SALÁRIO DO PESSOAL AUTÔNOMO (CONSULTORES)"]
["OBSERVAÇÃO:"]
["DETALHAR OS ENCARGOS SOCIAIS NO FOR PFS-VIII"]

{"sheet":"PFS_II Desp Gerais","index":2,"n_rows":20,"n_cols":6,"rows_kept":20,"cut":false,"hidden":false,"merged":[[3,0,4,4]]}
[null,null,"Ministério da Integração Nacional - MI"]
[null,null,"Companhia de Desenvolvimento dos Vales do São Francisco e do Parnaíba"]
[]
["DESPESAS GERAIS ",{"$nulls":4},"CODIGO:"]
[{"$nulls":5},"PFS-II"]
["NOME DA LICITANTE:"]
[]
[null,null,"OBJETO:",null,null,"EDITAL:"]
[]
[]
["Item","Descrição dos Serviços e Materiais","Unid.","Quant.","Preço unitário","Total"]
[1," 02 Horta com sistemas de irrigação com dimensionamento para uma área de 10.000 m2","unid",2,{"$f":"[2]Plan2!$N$27","v":15116.566666666666},{"$f":"E12*D12","v":30233.133333333331}]
[2,"25 Sistema de manejo de irrigação via solo de baixo custo.","unid",50,{"$f":"[3]Plan3!$P$9","v":37.521666666666668},{"$f":"E13*D13","v":1876.0833333333335}]
[3,"05 Unidades de Observação e Demonstração - UOD em áreas de 2,0 ha, sendo 1,2 de palma e 0,8 de sorgo.","unid",5,{"$f":"[3]Plan1!$P$53","v":37051.076666666668},{"$f":"E14*D14","v":185255.38333333333}]
[4,"Material necessario","unid",3,8957,{"$f":"E15*D15","v":26871}]
[5,"Veiculo Hatc 1.0 Flex (72CV)","unid",12,1724.93,{"$f":"E16*D16","v":20699.16}]
[" TOTAL GERAL",{"$nulls":4},{"$f":"SUM(F12:F16)","v":264934.76}]
["NOME DO INFORMANTE:",null,null,"QUALIFICAÇÃO:"]
[]
["ASSINATURA:",null,null,null,"DATA:"]

{"sheet":"PFS_III SERV GRAFICOS","index":3,"n_rows":26,"n_cols":7,"rows_kept":26,"cut":false,"hidden":false,"merged":[[15,0,15,2],[16,0,16,2],[17,0,17,1],[20,0,20,4],[22,0,22,6],[26,0,26,6],[9,0,10,2],[9,5,9,6],[11,0,11,2],[14,0,14,2],[3,0,4,5],[5,0,5,1],[5,2,5,5],[5,6,6,6],[7,2,7,5],[8,0,8,1]]}
[null,null,"Ministério da Integração Nacional - MI"]
[null,null,"Companhia de Desenvolvimento dos Vales do São Francisco e do Parnaíba"]
[]
["SERVIÇOS GRÁFICOS",{"$nulls":5},"CODIGO:"]
[{"$nulls":6},"PFS-IV"]
["NOME DA CONSULTORA:",null,"FOLHA:"]
[]
["PERÍMETRO(S):",null,"OBJETO:",null,null,null,"EDITAL:"]
[{"$nulls":6},"22/2013"]
["DISCRIMINAÇÃO",null,null,"EXEMPLARES","Nº DE VIAS","CUSTO (R$)"]
[{"$nulls":5},"UNITÁRIO","TOTAL"]
["Relatório de acompanhamento mensal",null,null,12,2,30,{"$f":"D12*E12*F12","v":720}]
["Impressão de material técnico informativo ",null,null,250,2,1.6,{"$f":"D13*E13*F13","v":800}]
[{"$nulls":4},{"$f":"D14*2","v":0},{"$f":"E14*$D$17","v":0},{"$f":"D14*E14*F14","v":0}]
["SUBTOTAL",{"$nulls":5},{"$f":"SUM(G12:G14)","v":1520}]
["RESERVA DE 10%",{"$nulls":5},{"$f":"G15*10%","v":152}]
["TOTAL DE SERVIÇOS GRÁFICOS",{"$nulls":5},{"$f":"G15+G16","v":1672}]
[]
["NOME DO INFORMANTE:",null,null,"QUALIFICAÇÃO:"]
["AMANICO DA CRUZ NETO ",null,null,null,"ENGº AGRÔNOMO"]
["ASSINTATURA:",{"$nulls":4},"DATA:"]
[]
["OBSERVAÇÃO:"]
["1 - CORREPONDEM AOS SERVIÇOS COM IMPRESSÃO DOS  RELATÓRIOS, OUTROS DOCUMENTOS E MATERIAIS INFORMATIVOS."]
["2 - RESERVA DE 10% CALCULADO SOBRE O SUBTOTAL. DESTINA-SE PARA IMPRESSÃO DE RELATÓRIOS ESPECÍFICOS, EXCEPCIONALMENTE SOLICITADOS PELA"]
["     CODEVASF"]

{"sheet":"PFS_IV administração - SERV","index":4,"n_rows":43,"n_cols":7,"rows_kept":43,"cut":false,"hidden":false,"merged":[[3,0,4,5],[5,0,5,1],[5,2,5,5],[5,6,6,6],[8,0,8,1],[9,5,9,6],[9,0,10,4],[11,1,11,4],[12,1,12,4],[42,0,42,6],[43,0,43,6],[44,0,44,6],[45,0,45,6],[38,1,38,4],[13,1,13,4]]}
[null,null,"Ministério da Integração Nacional - MI"]
[null,null,"Companhia de Desenvolvimento dos Vales do São Francisco e do Parnaíba"]
[]
["DETALHAMENTO DO CUSTO DE ADMINISTRAÇÃO - SERVIÇOS",{"$nulls":5},"CODIGO:"]
[{"$nulls":6},"PFS-IV"]
["NOME DA CONSULTORA:",null,"FOLHA:"]
[]
["PERÍMETRO(S):",null,"OBJETO:",null,null,null,"EDITAL:"]
[]
["DISCRIMINAÇÃO",{"$nulls":4},"VALORES"]
[{"$nulls":5},"%","R$"]
[1,"Custos da equipe da administração central da empresa consultora ( diretoria, pessoal técnico de apoio e pessoal administrativo não diretamente vinculado à prestação dos serviços)",null,null,null,0.05,{"$f":"PFS!N12*5%","v":3782.16}]
[2,"Outras despesas que afetam o custo de produção como treinamento, biblioteca, programa de qualidade, auditoria interna e externa",null,null,null,0.03,{"$f":"PFS!N12*3%","v":2269.2959999999998}]
[3,"Despesas com aluguéis, comunicação, manutenção e transporte não diretamente relacionados com o custo direto dos serviços",null,null,null,0.02,{"$f":"PFS!N12*2%","v":1512.864}]
{"$rows_empty":24}
[null,"TOTAIS DO CUSTO DE ADMINISTRAÇÃO",null,null,null,{"$f":"SUM(F12:F38)","v":0.1},{"$f":"SUM(G12:G38)","v":7564.32}]
[]
["NOME DO INFORMANTE:",null,null,"QUALIFICAÇÃO:"]
["ASSINATURA:",{"$nulls":4},"DATA:"]
["OBSERVAÇAO:"]

{"sheet":"PFS_V Desp. Fiscais Serv.","index":5,"n_rows":50,"n_cols":8,"rows_kept":50,"cut":false,"hidden":false,"merged":[[3,0,4,6],[5,0,5,7],[9,0,10,4],[9,5,9,7],[11,0,11,4],[12,0,12,4],[13,0,13,4],[14,0,14,4],[15,0,15,4],[24,0,24,4],[25,0,25,4],[26,0,26,4],[27,0,27,4],[28,0,28,4],[29,0,29,4],[30,0,30,4],[31,0,31,4],[32,0,32,4],[39,0,39,4],[44,0,44,7],[45,0,45,7],[50,0,50,7],[33,0,33,4],[34,0,34,4],[35,0,35,4],[36,0,36,4],[37,0,37,4],[38,0,38,4]]}
[null,null,"Ministério da Integração Nacional - MI"]
[null,null,"Companhia de Desenvolvimento dos Vales do São Francisco e do Parnaíba"]
[]
["DETALHAMENTO DE DESPESAS FISCAIS -SERVIÇOS",{"$nulls":6},"CODIGO:"]
[{"$nulls":7},"PFS-VII"]
["NOME DA CONSULTORA:"]
[]
["PERÍMETRO(S):",null,"OBJETO:",{"$nulls":4},"EDITAL:"]
[]
["DISCRIMINAÇÃO",{"$nulls":4},"VALORES"]
[{"$nulls":5},"DF %","DF' %","R$"]
[]
["1 - ISS",{"$nulls":4},5,{"$f":"(1/(1-$F$40/100))*F13","v":5.8309037900874632},{"$f":"PFS!N12*5.83%","v":4409.99856}]
["2 - PIS",{"$nulls":4},1.65,{"$f":"(1/(1-$F$40/100))*F14","v":1.9241982507288626},{"$f":"PFS!N12*1.92%","v":1452.3494399999997}]
["3 - COFINS",{"$nulls":4},7.6,{"$f":"(1/(1-$F$40/100))*F15","v":8.8629737609329435},{"$f":"PFS!N12*8.86%","v":6701.9875199999997}]
{"$rows_empty":24}
["TOTAIS DE DESPESAS FISCAIS ",{"$nulls":4},{"$f":"F13+F14+F15","v":14.25},{"$f":"G13+G14+G15","v":16.618075801749271},{"$f":"PFS!N25","v":12571.89984}]
["NOME DO INFORMANTE:",null,null,"QUALIFICAÇÃO:"]
[]
["ASSINATURA:",{"$nulls":4},"DATA:"]
[]
["Observação:"]
[" As despesas fiscais (DF) incidem sobre o total da fatura e não sobre os custos incorridos. Portanto aplicar a seguinte fórmula:"]
[" DF' = { [ 1 / ( 1 - DF ) ] - 1 } x 100"]
[" ou seja, para o valor máximo de 14,25%, o valor a ser aplicado na composição dos preços será:"]
[" DF' = { [ 1 / ( 1 - 0,1425 ) ] - 1 } x 100"]
[" DF' =0,1662  ou  16,62%"]

{"sheet":"PFS_VI_ Det_  BDI MATERIAIS_","index":6,"n_rows":45,"n_cols":9,"rows_kept":45,"cut":false,"hidden":false,"merged":[[39,0,39,8],[33,7,33,8],[34,7,34,8],[35,7,35,8],[36,7,36,8],[37,7,37,8],[3,0,4,7],[5,0,5,8],[9,0,10,4],[11,1,11,4],[13,1,13,4],[12,1,12,4],[14,1,14,4],[40,1,40,4],[44,0,44,8],[45,0,45,8],[46,0,46,8],[47,0,47,8],[19,1,19,4],[28,0,28,5],[30,4,30,8],[31,4,31,8]]}
[null,null,"Ministério da Integração Nacional - MI"]
[null,null,"Companhia de Desenvolvimento dos Vales do São Francisco e do Parnaíba"]
[]
["DETALHAMENTO DO BDI - MATERIAIS",{"$nulls":7},"CODIGO:"]
[{"$nulls":8},"PFS-VI"]
["NOME DA CONSULTORA:"]
[]
["PERÍMETRO(S):",null,"OBJETO:",{"$nulls":5},"EDITAL:"]
[]
["DESCRIÇÃO DOS SERVIÇOS",{"$nulls":4},"%","%","VALOR"]
[{"$nulls":5},"CD","PV","(R$)","R$"]
[1,"ADMINISTRAÇÃO CENTRAL",null,null,null,1.5,null,null,{"$f":"PFS!N20*1.5%","v":3999.1014}]
[]
[2,"IMPOSTOS E TAXAS",null,null,null,5.65,5.65,null,{"$f":"PFS!N20*5.65%","v":15063.281940000001}]
["2.1","ISS",null,null,null,0,0]
["2.2","PIS",null,null,null,0.65,0.65]
["2.3","CPRB",null,null,null,"2,00","2,00"]
["2.4","Cofins",null,null,null,3,3]
[]
["3","TAXA DE RISCO",null,null,null,1.22,null,null,{"$f":"PFS!N20*1.22%","v":3252.602472}]
["3.1","Seguros",null,null,null,0.2]
["3.2","Riscos",null,null,null,0.82]
["3.3","Garantias",null,null,null,0.2]
[]
[4,"DESPESAS FINANCEIRAS",null,null,null,0.85,null,null,{"$f":"PFS!N20*0.85%","v":2266.1574600000004}]
[]
[5,"LUCRO",null,null,null,3.85,null,null,{"$f":"PFS!N20*3.85%","v":10264.360259999999}]
[]
["BDI CALCULADO",{"$nulls":7},{"$f":"SUM(I12:I28)","v":34845.503532000002}]
[]
[null,"BDI=",null,null,"14,02 calculado"]
[null,"BDI=",null,null,"14,02 adotado"]
[]
[null,null,"a=",null,null,1.4999999999999999E-2,null,"Adminstração Central"]
[null,null,"i=",null,null,5.6500000000000002E-2,null,"Impostos"]
[null,null,"r=",null,null,1.2200000000000001E-2,null,"Taxa de Risco"]
[null,null,"f=",null,null,8.5000000000000006E-3,null,"Despesas financeiras"]
[null,null,"l=",null,null,3.85E-2,null,"Lucro"]
[]
["BDI = ((1+AC+S+R+G) (1+DF) (1+L)/(1-I))-1"]
[]
[]
["NOME DO INFORMANTE:",null,null,"QUALIFICAÇÃO:"]
["ASSINATURA:",{"$nulls":6},"DATA:"]
["OBSERVAÇAO:"]

{"sheet":"PFS_VII Cronog Financ","index":7,"n_rows":52,"n_cols":8,"rows_kept":52,"cut":false,"hidden":false,"merged":[[3,0,4,6],[5,0,5,7],[6,0,6,7],[8,0,8,1],[8,2,8,6],[9,2,9,4],[9,6,9,7],[46,0,46,5],[47,3,47,7],[50,0,50,4],[50,5,50,7],[48,0,48,2],[48,3,48,7],[49,0,49,4],[49,5,49,7]]}
[null,null,"Ministério da Integração Nacional - MI"]
[null,null,"Companhia de Desenvolvimento dos Vales do São Francisco e do Parnaíba"]
[]
["CRONOGRAMA FINANCEIRO",{"$nulls":6},"CODIGO:"]
[{"$nulls":7},"PFS-V"]
["NOME DA CONSULTORA:"]
["      "]
["PERÍMETRO(S):",null,"OBJETO:",{"$nulls":4},"EDITAL:"]
[]
["Nº","TAREFA","RELATÓRIO/SERVIÇO DE CAMPO",null,null,"MESES\nCORRIDOS","VALOR DA PARCELA (R$)"]
[1,"Assessoria","Relatório mensal 01",null,null,1,{"$f":"[1]PFS!#REF!*(1+0.1)*(1+0.1662)","v":{"$error":"#REF!"}}]
[2,"Assessoria","Relatório mensal 02",null,null,2,{"$f":"([1]PFS!#REF!-[1]PFS!#REF!*(1+0.1)*(1+0.1662))*8/100","v":{"$error":"#REF!"}}]
[3,"Assessoria","Relatório mensal 03",null,null,3,{"$f":"([1]PFS!#REF!-[1]PFS!#REF!*(1+0.1)*(1+0.1662))*5/100","v":{"$error":"#REF!"}}]
[4,"Assessoria","Relatório mensal 04",null,null,4]
[5,"Assessoria","Relatório mensal 05",null,null,5]
[6,"Assessoria","Relatório mensal 06",null,null,6]
[null,"Assessoria","Relatório mensal 07",null,null,7]
[null,"Assessoria","Relatório mensal 08",null,null,8]
[null,"Assessoria","Relatório mensal 09",null,null,9]
[null,"Assessoria","Relatório mensal 10",null,null,10]
[null,"Assessoria","Relatório mensal 11",null,null,11]
[null,"Assessoria","Relatório mensal 12",null,null,12]
{"$rows_empty":24}
["TOTAL DA FOLHA",{"$nulls":5},{"$f":"SUM(G11:G46)","v":{"$error":"#REF!"}},{"$f":"SUM(H11:H46)","v":0}]
["NOME DO INFORMANTE:",null,null,"QUALIFICAÇÃO:"]
[]
["ASSINATURA:",{"$nulls":4},"DATA:"]
[]
["OBSERVAÇÃO:"]